[Event "ISR-chT 1112"]
[Site "Israel"]
[Date "2012.03.02"]
[Round "11.1"]
[White "Sutovsky, Emil"]
[Black "Finkel, Alexander"]
[Result "1-0"]
[WhiteElo "2696"]
[BlackElo "2499"]
[Annotator "Sutovsky,E"]
[PlyCount "45"]
[EventDate "2011.12.16"]
[EventType "team-tourn"]
[EventRounds "11"]
[EventCountry "ISR"]
[SourceTitle "CBM 148"]
[Source "ChessBase"]
[SourceDate "2012.05.16"]
[SourceVersion "1"]
[SourceVersionDate "2012.05.16"]
[SourceQuality "1"]

{Preparing for this game, I had to come up with some idea against Finkel's pet
line in the Alekhine. And actually it resulted in a novelty on move five!} 1.
e4 Nf6 2. e5 Nd5 3. d4 d6 4. Nf3 dxe5 5. c4 $1 {Well, strictly speaking there
have been some games with this move, but as they were played by untitled
players, and the further play didn't indicate any serious idea behind the
single move, I'd dare to call it my novelty. The point is as follows: after
the usual 5.Nxe5 Black plays 5...c6, and I can't kick his knight from d5, as 6.
c4 is met by 6...Nb4 with comfortable play. Hence, the move in the text is to
be preferred if I want to play c2-c4 at all.} e4 {The principled reply!} (5...
Nb4 6. Qa4+ N8c6 7. d5 {is not good for Black, whereas after}) (5... Nf6 6.
Nxe5 e6 7. Nc3 c5 8. Be3 {White has some pull.}) (5... Nb6 6. Nxe5 g6 7. Nc3
Bg7 8. Be3 O-O 9. Qb3 {also favours White.}) 6. cxd5 exf3 7. Qxf3 c6 {Once
again, the most ambitious.} ({The alternative} 7... g6 8. Nc3 Bg7 9. Bf4 {
leads to White's advantage.}) 8. Bc4 {The only way to fight for an advantage.}
cxd5 9. Bxd5 e6 10. Bxb7 {While preparing for the game, I noticed that the
computer reaches this position and opts for} Qc7 (10... Bxb7 11. Qxb7 Nd7 {
which gives Black certain compensation for the pawn, but it is clearly
insufficient. As for 10...Qc7... Well I saw this possibility, but didn't check
it with my silicon friend back at home. As it sometimes happens, this very
position occured on the board, and I had to make my choice...}) 11. Bxc8 $2 {
Wrong one. Of course, it looks most natural, but 11.Bxa8 led to a big
advantage. Well, of course, I calculated it during the game, but failed to
notice a subtle move at the end of the following line:} (11. Bxa8 Qxc1+ 12. Qd1
Qxb2 (12... Bb4+ 13. Nc3 Bxc3+ (13... Qxb2 14. O-O {with two echo-lines} Bxc3 (
14... Qxc3 15. Rc1) 15. Rb1 {and White is winning.}) 14. bxc3 Qxc3+ 15. Kf1
Ba6+ 16. Kg1 O-O 17. h4 {and White is just an exchange up}) 13. O-O Qxa1 14.
Qb3 $1 (14. Qd2 $5 {is not so clear} a5 15. Nc3 Qxf1+ 16. Kxf1 Bb4 {and Black
shall be able to hold}) 14... Bd6 (14... Qxd4 15. Qxb8 Qd7 16. Rc1 Kd8 17. Qe5
{with a very strong threats}) 15. Rd1 $3 {White wins the queen, and this
should be convertible to the full point.}) 11... Qxc1+ 12. Ke2 Qc4+ {Not a bad
move, but a simpler one was} (12... Qxh1 13. Qxa8 Bd6 14. Qxa7 O-O 15. Bb7 Nd7
{and Black gets very powerful compensation. Although he can't create immediate
threats to the white king, his position is to be preferred.}) 13. Kd1 Nc6 $2 {
But this one is wrong.} ({The computer quickly indicates} 13... Qxd4+ 14. Kc1 (
14. Nd2 Bb4) 14... Qc5+ 15. Nc3 Nc6 16. Bb7 Nd4 {Black parries all the threats
and gets the better play due to the insecure position of White's king.
Curiously, I'd also considered 13...Nc6 to be the main move, and prepared
something, which was basically the reason behind choosing 11.Bxc8}) 14. Nd2 Qb5
15. a4 $1 {It is very important to include this move before the combination
starts. Or you can put it as the start of the combination.} Qb6 16. Bxe6 $3 {
An unexpected blow, which I had to foresee a few moves ago. It looks like
White has nothing to attack with, but the pin along the a8-h1 diagonal proves
to be the decisive factor.} fxe6 17. Re1 Kd7 (17... O-O-O {was a bit more
stubborn, but after} 18. Rc1 Rd6 19. d5 $1 exd5 20. Re8+ Kb7 {White can choose
between romantic and prosaic ways to a win} 21. Nb3 $1 {it's easier to choose
the romantic one, especially while it is objectively strongest!} (21. Rxf8 Ne5
22. Qf5 Rxf8 23. Qxf8 {should be sufficient as well, although after 23...Nc4
Black is still kicking}) 21... Rf6 (21... Rd8 22. Rxc6 $1 Kxc6 23. a5 $1 Qc7
24. Nd4+ Kb7 25. a6+ $1 Kc8 (25... Kxa6 26. Qe2+ Kb7 27. Qb5+ Qb6 28. Qxb6+
Kxb6 29. Rxd8 $18) 26. Qh3+ Qd7 27. Qc3+ Bc5 28. Qxc5+ Qc7 29. Qxc7+ Kxc7 30.
Ne6+ {and White wins}) 22. Qh3 Qc7 {and here White comes with a very beautiful
shot} 23. Rc5 $3 a6 24. Na5+ Kb6 25. Qb3+ $1 Kxc5 26. Nb7+ Qxb7 (26... Kd4 27.
Qc3#) 27. Qxb7 {is absolutely hopeless for Black.}) 18. d5 exd5 19. Qf5+ $1 {
Decisive intermezzo.} Kc7 20. Qf7+ Be7 21. Rxe7+ Nxe7 22. Qxe7+ Kb8 23. Ra3 $1
{Black resigned, as 23...Qc6 loses to 24.Rb3+ Kc8 25.Rc3.  That was a pretty
smooth attack, however I have to admit, that the mistake on move eleven
seriously damages the wholeness of the game.} 1-0

[Event "RUS-ch U20"]
[Site "Ekaterinburg"]
[Date "1996.??.??"]
[Round "7"]
[White "Lastin, Alexander"]
[Black "Dyachkov, Sergej"]
[Result "0-1"]
[WhiteElo "2480"]
[BlackElo "2505"]
[Annotator "Tisdall,J"]
[PlyCount "60"]
[EventDate "1996.??.??"]
[EventType "tourn"]
[EventRounds "11"]
[EventCountry "RUS"]
[EventCategory "8"]
[SourceTitle "CBM 054"]
[Source "ChessBase"]
[SourceDate "1996.10.01"]
[SourceVersion "1"]
[SourceVersionDate "1996.10.01"]
[SourceQuality "1"]

1. e4 Nf6 2. e5 Nd5 3. d4 d6 4. Nf3 Nc6 {Rare, and arguably black's most
provocative move in this position.} 5. Bb5 $6 {A fairly common sub-variation
but there are more threatening options than offering to give up the bishop
pair to inflict minor structural damage on black.} (5. c4 Nb6 6. e6 {Why
settle for less? 6.exd6!? can lead to lines where black has committed his
knight to c6 rather early, but there is no doubt that this pawn sacrifice is
the critical line. Of course it does lead to very messy positions ...} fxe6 7.
Ng5 $5 {is the most direct way to start the attack.} (7. h4 {As usual in such
positions where white has invested a pawn to create congestion, the advance of
the h-pawn is menacing. Black usually needs to play ...g6 to complete
development, when the the advance h4-h5 will crack open the kingside. It seems
a little bit odd to send the h-pawn up before ...g6 has been played, but it is
not so simple for black to exploit this.} e5 8. d5 Nd4 9. Nxd4 exd4 10. Qxd4 (
10. Bd3 Qd7 11. Bg5 h6 12. Bd2 Qg4 13. Be2 Qe4 14. O-O Bf5 15. Na3 Qxh4 $6 {
Tal,M-Larsen,B (08)/Eersel cm-3pl ;CAND 1969/0-1 (50)} 16. Nb5 d3 17. Nxc7+ Kd8
18. Nxa8 dxe2 19. Qxe2 Nxa8 20. c5 $1 $40) 10... e5 11. Qd1 Qd7 12. Be2 Be7 13.
Nc3 O-O 14. Be3 Qf5 15. a4 a5 16. Ra3 Qg6 17. g4 {with a very active position
for white, Jahr,U-Bischoff,K/BL 8182 (1981) /0-1 (45)}) (7. Be3 $5) 7... e5 8.
d5 (8. Bd3 $5 Nxd4 9. Bxh7 Rxh7 10. Nxh7 Bf5 11. Na3 {+/-/+/=}) 8... Nd4 9. Bd3
g6 $5 {continues in provocative style. "Do your worst" is black's attitude.
His position can take a surprising amount of punishment. The secret behind
this resilience is black's strong central presence. These are the stakes of
such sharp Alekhine lines, undermining action in the center at the cost of
development.} (9... Bf5 {is the relatively solid reply. Black avoids kingside
violence, but must tolerate some inconvenience on the e6 square. However, the
weak e4 square should give white ample compensation.} 10. Bxf5 Nxf5 11. Ne6 (
11. Be3 g6 12. Nc3 Qd7 13. Qd3 Ng7 14. a4 (14. Nxh7 $6 Qf5 (14... Qg4 $5) 15.
Qxf5 Nxf5 $132 (15... gxf5 16. Nxf8 Kxf8 $13)) 14... Qf5 15. Nge4 a6 16. O-O
Nh5 17. b4 Nf4 18. Bxf4 exf4 $13 {1/2-1/2 Zarnicki,P-Paglilla,C/ARG-ch (02) ;
TD 94\03 1994 (42)}) 11... Qd7 12. Be3 (12. Nc3 Nd4 $6 (12... Nxc4 $4 13. Qd3)
(12... g6 $5) 13. Nxd4 exd4 14. Qxd4 e5 15. Qe4 Be7 16. Be3 O-O 17. O-O Qf5 18.
b3 $14 {1/2-1/2 Micalizzi,G-Corvi,M/Roma op (07) ;TD 90\03 1990 (24)}) 12... g6
13. Bxb6 axb6 14. Nc3 Ng7 15. Qg4 Nxe6 16. dxe6 Qc6 17. h4 Bg7 18. Nd5 $2 b5 $1
$36 {[#] 0-1 Sorsak,J-Stratil,P/Bratislava op (07) ;EXT 92op 1992 (33)}) 10. h4
$5 {looks much more dangerous for black.} (10. Nxh7 Bf5 (10... Rxh7 $4 11.
Bxg6+ Rf7 12. Qh5) 11. Bxf5 gxf5 12. Qh5+ (12. Nxf8 Rxf8 13. Be3 c5 14. dxc6
Nxc6 15. c5 Nc4 $132 {0-1 Stocek,J-Vouldis,A/EU-chJM U16 Rimavska Sobota ;EXT
92ch 1992 (27)}) 12... Kd7 13. Be3 Qe8 14. Nxf8+ (14. Qxe8+ Rxe8 15. Nxf8+
Rexf8 16. Bxd4 exd4 17. Na3 c6 18. O-O-O cxd5 19. cxd5 Rc8+ 20. Kb1 Rc5 21.
Rxd4 Rxd5 22. Rxd5 Nxd5 {and the center pawns proved more dangerous inRausch,
W-Schlemermeyer,W/BL 8182 1982 (0-1, 44)}) 14... Qxf8 15. Qd1 Qg8 $1 16. g3
Nxc4 17. Nc3 Nxe3 18. Qa4+ b5 19. Nxb5 Ndc2+ {0-1 Pisa Ferrer,J-Gil Gonzales,J/
Catalunia-chT ;EXT 95ch 1995}) (10. Be3 e6 11. Nxh7 Nf5 $2 (11... Rxh7 12.
Bxg6+ Rf7 $13) 12. Qg4 Rg8 13. Nxf8 Kxf8 14. Bg5 $16 {Forster,R-Liardet,F/
University tt Leon ESP (6) 1996/1-0 (46)}) 10... Bf5 11. h5 Bg7 12. hxg6 Bxg6 (
12... hxg6 13. Rxh8+ Bxh8 14. Bxf5 Nxf5 (14... gxf5 15. Ne6 $1 Qc8 16. Qh5+ Kd7
17. Nxd4 exd4 18. Qxf5+ Kd8 $14) 15. Qd3 $14) 13. Nc3 $5 (13. Nxh7 $1 Bxh7 (
13... e4 14. Qg4 $1) 14. Bxh7 $40) 13... c6 14. Be3 e6 15. Bxg6+ hxg6 16. Rxh8+
Bxh8 17. dxe6 Qe7 18. Qd3 $36 {1-0 Drozdov,I-Nosenko,A/UKR-ch Kharkov (02) ;
EXT 88ch 1988 (36). All in all, a very risky way for black to make a living.})
5... a6 6. Ba4 (6. Bxc6+ bxc6 7. c4 Nb6 8. b3 Bf5 (8... Bg4 $5 9. Qd3 Qd7 10.
O-O Qf5 11. Qxf5 Bxf5 12. Nc3 e6 13. Be3 Nd7 $10 {1/2-1/2 Ekstroem,R-Siegel,G/
SWZ-chT ;TD 93\08 1993 (21)}) 9. O-O e6 10. Bb2 Be7 11. Qe2 O-O 12. Nbd2 a5 13.
a4 Nd7 14. Rfd1 Re8 15. Rac1 Qb8 $132 {0-1 Slobodjan,R-Varga,Zo/Budapest
Honved (06) ;EXP 45 1994 (37)}) 6... Nb6 7. Bxc6+ bxc6 8. O-O Bg4 9. Qe2 Qd7
10. h3 Bh5 11. Nc3 (11. b3 {looks better, since the bishop has more future on
b2 or a3.}) 11... e6 12. Bg5 d5 $1 {Black has full control over c5 and plans
two pawn breaks there.} 13. Rad1 (13. Be3 c5 14. dxc5 Nc4 $36) 13... c5 14.
dxc5 Bxc5 15. Ne4 Be7 16. g4 $6 {This weakening will only give white headaches
later.} (16. Bxe7 Qxe7 17. Ng3 Bg6 {should favor black slightly - his bishop
his strong and he has counterplay on the queenside.}) 16... Bg6 17. Bxe7 Qxe7
18. Ng3 O-O 19. Nd4 c5 20. Ndf5 {This is a way of justifying his brash 16th
move, but it creates just as many weaknesses in his own camp.} exf5 21. gxf5
Qg5 $6 (21... Bxf5 22. Nxf5 Qe6 $1 23. Qg4 g6 (23... Qxe5 $5 24. Rfe1 Qf6 25.
Ne7+ Kh8) 24. Nh6+ Kg7 25. Qxe6 fxe6 26. Ng4 Rf4 $15 (26... Na4 $5 $15 {
>< b2, e4, f4, f3.})) 22. fxg6 (22. Qg4 $5 Qxg4 23. hxg4 f6 $5 24. fxg6 fxe5
$13) 22... fxg6 $5 (22... Qxg6) 23. c4 $5 d4 {Black tries to minimize white's
counterplay by at least closing the d-line. But after} (23... dxc4 24. Rd6 Rab8
$5 $15 {black should also be better due to his pawn weaknesses on both flanks.}
) 24. b4 Rae8 25. Rfe1 $6 (25. bxc5 {immediately undermining the d4 pawn,
gives white much better chances of equalizing.} Rxe5 26. Qc2 (26. Qg4 Qxg4 27.
hxg4 Rxc5 28. Rxd4 Rxc4 29. Rxc4 Nxc4 $17) 26... Rxc5 27. Rxd4 Rfc8 28. Qe2 {
and white is kicking and fighting. Black must keep a watchful eye on his
a6-pawn, simplifications and a slightly exposed king, all of which complicate
the task of realizing his advantage.}) 25... Na4 $5 (25... Rf4 $5 $17) 26. Qg4
{White has no way to shake off the pressure against his flock of weak pawns.
Black's active forces have just too many targets to choose from:} (26. bxc5 Nc3
27. Qd2 Qe7 28. Qxd4 (28. Rc1 Qxc5 29. Ne4 Qxe5 30. Nxc3 dxc3 31. Qd5+ Qxd5 32.
cxd5 Rxe1+ 33. Rxe1 Rf3 $1 $17) 28... Nxd1 29. Qxd1 Rd8 $1 $17) (26. Qd2 $5
Qxd2 (26... Rf4 $2 27. Re4) 27. Rxd2 Rf4 28. Ne2 Rxe5 29. bxc5 Rfe4 (29... Nxc5
30. Red1 Rh4 31. Nxd4 Rxh3 $17) 30. Kf1 Rxc5 $17 (30... Nc3 31. c6 d3 32. c7 $1
)) 26... Qxg4 27. hxg4 Nb2 $1 28. bxc5 (28. Rb1 Nxc4 {/\...Nd2}) 28... Nxd1 29.
Rxd1 Rf4 30. Re1 d3 {Black just mops up the white pawns.} 0-1

[Event "Oslo m"]
[Site "Oslo"]
[Date "1994.??.??"]
[Round "4"]
[White "Adams, Michael"]
[Black "Agdestein, Simen"]
[Result "0-1"]
[WhiteElo "2660"]
[BlackElo "2595"]
[Annotator "Tisdall,J"]
[PlyCount "70"]
[EventDate "1994.??.??"]
[EventType "match"]
[EventRounds "4"]
[EventCountry "NOR"]
[SourceTitle "CBM 042"]
[Source "ChessBase"]
[SourceDate "1994.10.01"]
[SourceVersion "1"]
[SourceVersionDate "1994.10.01"]
[SourceQuality "1"]

1. e4 {Ftacnik} Nf6 {Adams was nearly as surprised by this move the second
time around, having asse ssed it as a one-off ambush.} 2. e5 Nd5 3. d4 d6 4.
Nf3 dxe5 5. Nxe5 g6 6. Bc4 c6 (6... Be6 {Ftacnik} 7. Bb3 Bg7 8. O-O O-O 9. Qe2
a5 10. Nc3 c6 11. Nxd5 $6 cxd5 12. a4 $6 Nc6 13. c3 Qb6 14. Ba2 Bxe5 $3 15.
dxe5 d4 16. Bh6 Rfd8 17. Bxe6 fxe6 18. Rfe1 Rd5 $17 {Jimenez-Larsen,B/1967/})
7. O-O Bg7 8. Nd2 (8. Re1 {Ftacnik} O-O 9. Bb3 Be6 10. Nd2 Nc7) 8... Nd7 (8...
O-O {Ftacnik} 9. Ndf3 Nd7 10. Nd3 $1) 9. Ndf3 Nxe5 10. Nxe5 O-O 11. Re1 Be6 {
Black already has a very comfortable game. Compare this with the reputedly
harmless treatment of the Caro-Kann (1.e4 c6 2.d4 d5 3.Nc3 de4 4.Ne4 Nd7 5.Nf3
Ngf6 6.Nf6 Nf6 7.Ne5 Be6).} 12. Bb3 {The L seems poorly placed here. White
should consider transferring it to the long white diagonal. The flexible} (12.
c3 {allows} Bxe5 $1 13. dxe5 (13. Rxe5 Nxc3) 13... Nxc3 14. Qxd8 Raxd8 15. Bxe6
Ne2+ 16. Kf1 Nxc1 {which is obviously pleasant for black.}) 12... a5 13. c3 Qc7
(13... Nc7 {Ftacnik} 14. Bxe6 Nxe6 15. Qb3 Qc8 16. a4 $14) (13... Qc8 $5 {
Ftacnik}) 14. Nd3 Bf5 15. Bg5 Rfe8 16. Qd2 a4 (16... Bxd3 {Ftacnik} 17. Qxd3 a4
18. Bc4 a3 $13 {Kholmov,R-Bagirov,V/Brno/1991/}) 17. Bxd5 $6 {A very peculiar
move, but white already must beware of having his queenside pa wn chain
undermined on the long black diagonal, e.g.} (17. Bd1 a3 18. b3 Bxd3 19. Qxd3
e5 20. c4 Nb4 21. Qd2 (21. Qc3 Qd6) 21... Qd6) (17. Bc2 {looks best, when} a3
18. b3 Rad8 {gives black very active play.}) (17. Bc4 $2 {Ftacnik} Nb6) (17.
Bc2 $1 {Ftacnik}) 17... cxd5 18. Nb4 Rad8 (18... e6 {leaves the Bf5 short of
squares.}) 19. Bf4 (19. Re3 $2 {Ftacnik} f6 20. Bh4 Bh6) 19... Qc4 $1 {
Creating pressure on the 4th rank to complement his plan of storming the cente
r with ...f6,...e5.} 20. Re3 (20. Re2 {Ftacnik}) 20... f6 21. Rae1 Kf7 {
All black pieces participate in the great expansion.} (21... e5 {Ftacnik} 22.
b3 axb3 23. axb3 Qxb3 24. dxe5 $14) 22. b3 {This just doesn't work, but ...e5
is very hard to meet. White could try to evi ct the Qc4, and hope to sabotage
the black center if it expands too quickly, b ut black's position seems too
powerful for this to solve all his problems.} (22. Qd1 e5 23. b3 axb3 24. axb3
Qc7 $2 (24... Qb5 $1 25. dxe5 d4 $1 {shatters white's position.}) 25. dxe5 fxe5
26. Bg5 {makes black's expansion look hasty, but}) (22. Qe2 $1 {Ftacnik} Qxe2
23. R3xe2 $15) (22. a3 {Ftacnik} e5 23. dxe5 Qxf4 $1 (23... d4 $5 24. Qe2 d3
25. Qf3 $13) 24. exf6 Bh6 (24... Rxe3 25. fxe3) (24... Bxf6 $5 25. Re7+ Bxe7
26. Qxf4 Bg5 27. Qc7+ Rd7 $19) 25. Nxd5 (25. Re7+ Rxe7 (25... Kxf6 26. Qxf4
Bxf4 27. Rxe8 $18)) 25... Rxe3 $19) 22... axb3 23. axb3 Qxb3 {There is no
reason to fear this.} 24. c4 Qxc4 25. Rc1 Qb5 26. Rc5 Qa4 27. h3 (27. Nxd5 {
Ftacnik} b6 $1) (27. Rxd5 {Ftacnik} Rxd5 28. Nxd5 Rd8 29. Rxe7+ Kf8 30. Nc3
Qxd4 $19) 27... Bf8 {Protecting his only weakness and taking aim at white's
queenside pieces.} 28. Nxd5 (28. Rxd5 {Ftacnik} e5 $19) 28... b6 $1 {Forcing
favorable simplifications.} 29. Nxb6 (29. Nc3 {Ftacnik} Qxd4) 29... Qxd4 30.
Qa2+ $2 {White had to trade on d4 and suffer.} e6 31. Rc7+ Kg8 32. Rc4 Qxb6 33.
Rb3 Rd1+ 34. Kh2 Qd8 (34... Ra1 $19 {Ftacnik}) 35. Rb8 Qe7 {Since 36.Rc7 is
met by ...Rd7 white surrendered.} (35... Qe7 {Ftacnik} 36. Rc7 Rd7) 0-1